Vita e Avventure di Don Chisciotte della Mancia (Record no. 3174)

MARC details
000 -CABECERA
campo de control de longitud fija 01502nam a2200301 a 4500
001 - NÚMERO DE CONTROL
campo de control BRCA_3438
005 - FECHA Y HORA DE LA ÚLTIMA TRANSACCIÓN
campo de control 20190320204301.0
041 ## - CÓDIGO DE LENGUA
Código de lengua del texto/banda sonora o título independiente ita
044 ## - CÓDIGO DEL PAÍS DE LA ENTIDAD EDITORA/PRODUCTORA
Código MARC del país it
084 ## - OTRO NÚMERO DE CLASIFICACIÓN
Número de clasificación 727
Número de documento/Ítem .T79
-- 1832
100 1# - ENTRADA PRINCIPAL--NOMBRE DE PERSONA
Nombre de persona Cervantes Saavedra, Miguel de
Fechas asociadas al nombre 1547-1616
9 (RLIN) 213
245 10 - MENCIÓN DE TÍTULO
Título Vita e Avventure di Don Chisciotte della Mancia
Mención de responsabilidad, etc. di M. Cervantes Saavedra ; Traduzione di Lorenzo Franciosini nuovamente riscontrata col testo spagnolo e reintegrata per cura e studio di Luigi Toccagni.
260 ## - PUBLICACIÓN, DISTRIBUCIÓN, ETC.
Lugar de publicación, distribución, etc. Milán
Nombre del editor, distribuidor, etc. G. Truffi e Comp.
Fecha de publicación, distribución, etc. 1832
300 ## - DESCRIPCIÓN FÍSICA
Extensión 4 v. en 8 tomos
Otras características físicas il.
Dimensiones 15 cm.
500 ## - NOTA GENERAL
Nota general Contenido : v.1. Primera parte. Advertencia de L. Toccagni. Prólogo del autor. -- v.2. Primera parte. Final. Texto. -- v.3. Segunda parte. Prólogo del autor. Segunda parte. Final. Texto
500 ## - NOTA GENERAL
Nota general Traducción de Franciosini revisada y modernizada por L. Toccagni. Va ilustrada con láminas de Lanzani que dejan mucho que desear. Semipiel; lomeras decoradas con filetes dorados Lúdovik Osterc
500 ## - NOTA GENERAL
Nota general QM6(?)
546 ## - NOTA DE LENGUA/LENGUAJE
Nota de lengua/lenguaje Texto en : italiano
650 14 - PUNTO DE ACCESO ADICIONAL DE MATERIA--TÉRMINO DE MATERIA
Término de materia o nombre geográfico como elemento de entrada Novela española
Subdivisión cronológica Época clásica, 1500-1700
9 (RLIN) 215
650 14 - PUNTO DE ACCESO ADICIONAL DE MATERIA--TÉRMINO DE MATERIA
Término de materia o nombre geográfico como elemento de entrada Literatura española
Subdivisión cronológica Época clásica, 1500-1700
9 (RLIN) 216
650 14 - PUNTO DE ACCESO ADICIONAL DE MATERIA--TÉRMINO DE MATERIA
Término de materia o nombre geográfico como elemento de entrada Novela española
Subdivisión cronológica Siglo XVII
9 (RLIN) 217
650 14 - PUNTO DE ACCESO ADICIONAL DE MATERIA--TÉRMINO DE MATERIA
Término de materia o nombre geográfico como elemento de entrada Don Quijote (Personaje ficticio)
Término indicativo de función/relación Novela
9 (RLIN) 218
700 1# - PUNTO DE ACCESO ADICIONAL--NOMBRE DE PERSONA
Nombre de persona Franciosini Fiorentino, Lorenzo
Término indicativo de función/relación Traductor
9 (RLIN) 8998
700 1# - PUNTO DE ACCESO ADICIONAL--NOMBRE DE PERSONA
Nombre de persona Toccagni, Luigi
Fechas asociadas al nombre 1788-1853
Término indicativo de función/relación Traductor
9 (RLIN) 8999
740 0# - PUNTO DE ACCESO ADICIONAL--TÍTULO RELACIONADO O ANALÍTICO NO CONTROLADO
Título relacionado o analítico no controlado El Ingenioso Hidalgo Don Quijote de la Mancha
902 ## - CATALOGADOR
Iniciales QFM
942 ## - ELEMENTOS DE PUNTO DE ACCESO ADICIONAL (KOHA)
Fuente del sistema de clasificación o colocación Library of Congress Classification
Tipo de ítem Koha Libros
Holdings
Estado de retiro Estado de pérdida Estado dañado No para préstamo Localización permanente Ubicación/localización actual Fecha de adquisición Número de inventario Total de préstamos Signatura topográfica completa Código de barras Fecha visto por última vez Precio válido a partir de Tipo de ítem Koha
El ejemplar forma parte de la colección y puede ser consultado según las políticas vigentes.       Biblioteca del Museo Franz Mayer (Rogerio Casas-Alatriste) Biblioteca del Museo Franz Mayer (Rogerio Casas-Alatriste) 14/04/2009 QM6(?)   727 .T79 1832 (QM6(?)) 3435 22/03/2019 22/03/2019 Libros